One Brighton & Hove Albion Player by Nation - Statistics

General Stats
  • This quiz has been taken 524 times
    267 since last reset
  • The average score is 9 of 11
Answer Stats
Nation Player % Correct
England Lewis Dunk | Solly March | Adam Webster | +19 others
99%
Ecuador Moisés Caicedo | Jeremy Sarmiento | Pervis Estupiñán
96%
Germany Pascal Groß | Deniz Undav | Reda Khadra | +3 others
94%
Argentina Alexis Mac Allister | Leonardo Ulloa | Facundo Buonanotte | +1 other
89%
Netherlands Davy Pröpper | Joël Veltman | Jürgen Locadia | +3 others
89%
Brazil Bernardo | João Pedro | Igor
86%
Spain Robert Sánchez | Martín Montoya | Marc Cucurella | +2 others
86%
Ireland Shane Duffy | Aaron Connolly | Evan Ferguson | +4 others
85%
Australia Mathew Ryan | Aaron Mooy | Cameron Peupion
79%
France Neal Maupay | Anthony Knockaert | Georginio Rutter
77%
Colombia José Izquierdo | Steven Alzate
32%
No matching quizzes found
Score Distribution
Percent of People with Each Score
Percentile by Number Answered
Your Score History
You have not taken this quiz since the last reset